000 00493nam a2200133Ia 4500
008 100328s9999 xx 000 0 und d
082 _b59337
100 _aभावे राम.
245 _aौर्यमेरु (संमिश्र एकांकिका).
260 _bआभा.
630 _aौर्यमेरु (संमिश्र एकांकिका).
730 _aौर्यमेरु (संमिश्र एकांकिका).
942 _cBOOK
999 _c545574
_d545571